MARC

LEADER 00000nam0a2200000 4500
001 122657
005 20231031130122.0
035 |a (RuTPU)RU\TPU\book\132791 
090 |a 122657 
100 |a 20071005d1971 m y0rusy50 ca 
101 0 |a rus 
102 |a RU 
105 |a a j 001zy 
200 1 |a Грунтоведение  |e учебник  |f Е. М. Сергеев [и др.] 
205 |a 3-е изд., перераб. и доп. 
210 |a Москва  |c Изд-во Московского ун-та  |d 1971 
215 |a 595 с.  |c ил. 
320 |a Библиография в конце глав. 
320 |a Алфавитный указатель: с. 586-590. 
451 1 |0 (RuTPU)RU\TPU\book\87284  |y 5-211-04848-2  |t Грунтоведение  |o учебник для вузов  |f В. Т. Трофимов, В. А. Королев, Е. А. Вознесенский и др.  |g Московский государственный университет им. М. В. Ломоносова; под ред. В. Т. Трофимова  |e 6-е изд., перераб. и доп.  |c Москва  |n Изд-во Моск. ун-та  |n Наука  |d 2005  |p 1023 с.  |s Классический университетский учебник 
610 1 |a грунтоведение 
610 1 |a грунты 
610 1 |a состав 
610 1 |a строение 
610 1 |a структура 
610 1 |a свойства 
610 1 |a типы 
610 1 |a характеристика 
610 1 |a учебники 
675 |a 624.13:55(075.8)  |v 3 
701 1 |a Сергеев  |b Е. М.  |g Евгений Михайлович 
701 1 |a Голодковская  |b Г. А.  |g Галина Андреевна 
701 1 |a Зиангиров  |b Р. С.  |g Рем Сабирович 
701 1 |a Осипов  |b В. И.  |g Виктор Иванович 
701 1 |a Трофимов  |b В. Т.  |g Виктор Титович 
801 1 |a RU  |b 63413507  |c 20071005  |g PSBO 
801 2 |a RU  |b 63413507  |c 20160304  |g PSBO 
900 |a Общая инженерная геология 
900 |a Грунтоведение 
942 |c BK